000 02021aam a2200313 a 4500
001 001369574
003 PE-LiUPU
005 20260202114516.0
007 ta
008 260202b |||||||| |||| 00| 0 spa d
020 _a9789877012095
040 _aAR-BaBN
_bspa
_cPE-LiUPU
_erda
_dPE-LiUPU
041 1 _aspa
_heng
080 1 _a279.14-725
_22004
082 _223
_a248.84
_bW583l
100 1 _aWhite, Elena G. de,
_d1827-1915,
_eautora.
_97772
245 1 0 _aLa edad dorada :
_ccompilación de los escritos de Elena G. de White /
250 _a2a ed.
264 _aFlorida Oeste :
_bAsociación Casa Editora Sudamericana,
_c2014.
300 _a224 página ;
_c21 cm
490 1 _aBiblioteca del Hogar Cristiano
500 _aTítulo original: The retirement years.
505 _aLos pioneros adventistas -- Utilidad de los obreros de edad madura -- Asociación de los jóvenes con los de edad madura -- Obligaciones de los hijos para con sus padres ancianos -- Cuidado de los ancianos -- Advertencias para los de edad madura -- Mayordomía mientras vivimos -- Importancia de los testamentos -- Segundas nupcias en la vejez -- Conservando las energías de la vida -- Fortaleza en la aflicción -- Seguridad y consuelo ara los que enfrentan la muerte -- La hora del duelo -- Lecciones de los personajes bíblicos -- Apéndice A: Textos bíblicos útiles para las personas de edad -- Apéndice B: Un resumen de las actividades de Elena de White después de sus 65 años de edad.
520 1 _a“Que esta colección de cartas, artículos y mensajes de la pluma de la fiel sierva de Dios sean una fuente práctica y preciosa de sabiduría y dirección para las personas que están en la tercera edad, como así también para quienes se acercan a la jubilación y desean comprender más plenamente la declaración de Cristo.”
_c(Descripción del editor).
650 1 4 _aAdventistas del Séptimo Día
_xDoctrinas
650 1 4 _aVida espiritual
_91182
830 0 _aBiblioteca del Hogar Cristiano
942 _2ddc
_cBK
_n0
999 _c63248
_d63247
980 _618226
_aJaime Vilcazán Jefe de Análisis Documental
_818226
_gJaime Vilcazán Jefe de Análisis Documental